Qualifiés français aux JO de 2024 - Statistiques

Statistiques générales
  • Ce quiz a été pris 36 fois
    25 depuis la dernière actualisation
  • Le résultat moyen est 104 sur 362
Statistiques - réponses
Hint Réponse % Correct
Natation 400 M 4 nages H Léon {Marchand}
77%
Triathlon Individuel F Cassandre {Beaugrand}
69%
Natation 50 M Nage libre + 100 M Nage libre H Florent {Manaudou}
69%
Tennis Simple H Gaël {Monfils}
69%
Natation 50 M Nage libre + 100 M Nage libre H Maxime {Grousset}
69%
Judo plus de 100 kilos H Teddy {Riner}
69%
Tennis de table Simple + Double mixte + Equipe H Alexis {Lebrun}
62%
Cyclisme BMX Free style H Anthony {Jeanjean}
62%
Badminton Double H Christo {Popov}
62%
Tennis de table Simple + Equipe H Félix {Lebrun}
62%
Cyclisme VTT - Cross country F Pauline {Ferrand-Prévot}
62%
Judo plus de 78 kilos F Romane {Dicko}
62%
Tennis de table Equipe H Simon {Gauzy}
62%
Badminton Simple + double H Toma Junior {Popov}
62%
Tennis Simple H Ugo {Humbert}
62%
Athlétisme 1500 M F Agathe {Guillemot}
54%
Athlétisme Relais 4x400 M + Relais 4x400M Mixte F Alexe {Deau}
54%
Athlétisme 3000 M Steeple F Alice {Finot}
54%
Athlétisme Relais 4x400 M + Relais 4x400M Mixte F Amandine {Brossier}
54%
Natation 400 M Nage libre F Anastasiia {Kirpichnikova}
54%
Tennis Simple H Arthur {Fils}
54%
Cyclisme Omnium + Madison + Poursuite par équipe H Benjamin {Thomas}
54%
Boxe moins de 51 kilos H Billal {Bennama}
54%
Escrime Sabre - équipe et individuel H Boladé {Apithy}
54%
Tennis Simple + Double F Caroline {Garcia}
54%
Judo moins de 63 kilos F Clarisse {Agbégnénou}
54%
Tennis Simple H Corentin {Moutet}
54%
Athlétisme 100 M Haies F Cyréna {Samba-Mayela}
54%
Escrime Fleuret - équipe et individuel H Enzo {Lefort}
54%
Boxe moins de 60 kilos F Estelle {Mossely}
54%
Judo moins de 73 kilos H Joan-Benjamin {Gaba}
54%
Cyclisme BMX Racing H Joris {Daudet}
54%
Athlétisme Décathlon H Kévin {Mayer}
54%
Cyclisme BMX Free style F Laury {Perez}
54%
Canoë-kayak C1 Slalom H Nicolas {Gestin}
54%
Triathlon Individuel H Pierre {Le Corre}
54%
Cyclisme BMX Racing H Romain {Mahieu}
54%
Golf H Victor {Perez}
54%
Natation 100 M Dos H Yohann {Ndoye-Brouard}
54%
Athlétisme Lancer de marteau F Alexandre {Tavernier}
46%
Athlétisme 3000 M Steeple H Alexis {Miellet}
46%
Taekwondo plus de 67 kilos F Althéa {Laurin}
46%
Judo moins de 52 kilos F Amandine {Buchard}
46%
Athlétisme Heptathlon F Auriana {Lazraq-Khlass}
46%
Escrime Epée - équipe et individuel F Auriane {Mallo-Breton}
46%
Cyclisme BMX Racing F Axelle {Etienne}
46%
Tir à l'arc Par équipes H Baptiste {Addis}
46%
Athlétisme 800 M H Benjamin {Robert}
46%
Golf F Céline {Boutier}
46%
Voile 49er FX F Charline {Picon}
46%
Tennis de table Equipe F Charlotte {Lutz}
46%
Tennis Simple F Diane {Parry}
46%
Triathlon Individuel H Dorian {Coninx}
46%
Tennis Double H Edouard {Roger-Vasselin}
46%
Pentathlon moderne F Elodie {Clouvel}
46%
Athlétisme 800 M H Gabriel {Tual}
46%
Athlétisme 100 M + 200 M + Relais 4x100M F Gemima {Joseph}
46%
Athlétisme Relais 4x100 M + 200 M F Hélène {Parisot}
46%
Athlétisme 5000 M H Hugo {Hay}
46%
Escrime Sabre - remplaçant H Jean-Philippe {Patrice}
46%
Surf H Kauli {Vaast}
46%
Voile Kite surf F Lauriane {Nolot}
46%
Triathlon Individuel H Léo {Bergère}
46%
Tir à l'arc Par équipes F Lisa {Barbelin}
46%
Escrime Sabre - équipe et individuel F Manon {Apithy-Brunet}
46%
Athlétisme Lancer de disque F Mélina {Robert-Michon}
46%
Athlétisme Saut à la perche F Ninon {Chapelle}
46%
Escalade Combiné bloc + difficultés F Oriane {Bertone}
46%
Tennis de table Simple + Equipe F Prithika {Pavade}
46%
Athlétisme 800 M F Rénelle {Lamote}
46%
Escrime Epée - équipe et individuel H Romain {Cannone}
46%
Escrime Sabre - équipe et individuel F Sara {Balzer}
46%
Judo moins de 57 kilos F Sarah-Léonie {Cysique}
46%
Escrime Sabre - équipe et individuel H Sébastien {Patrice}
46%
Boxe moins de 63.5 kilos H Sofiane {Oumiha}
46%
Cyclisme BMX Racing H Sylvain {André}
46%
Canoë-kayak K1 Slalom + KX1 H Titouan {Castryck}
46%
Athlétisme Saut à la perche H Anthony {Ammirati}
38%
Cyclisme Sur route Course en ligne et contre la montre F Audrey {Cordon-Ragot}
38%
Athlétisme 20 KM Marche + Marathon en marche relais H Aurélien {Quinion}
38%
Athlétisme 110 M Haies - remplaçant H Aurel {Manga}
38%
Athlétisme 1500 M H Azeddine {Habz}
38%
Escalade Vitesse H Bassa {Mawem}
38%
Aviron Quatre sans barreur H Benoit {Brunet}
38%
Tennis Simple F Clara {Burel}
38%
Cyclisme sur piste poursuite par équipe + Madison F Clara {Copponi}
38%
Athlétisme 400 M Haies H Clément {Ducos}
38%
Taekwondo moins de 58 kilos H Cyrian {Ravet}
38%
Natation 400 M Nage libre H David {Aubry}
38%
Cyclisme VTT - Cross country F Loana {Lecomte}
38%
Athlétisme 3000 M Steeple - remplaçant H Djilali {Bedrani}
38%
Triathlon Individuel F Emma {Lombardi}
38%
Natation 100 M Dos F Emma {Terebo}
38%
Athlétisme Marathon - remplaçant H Félix {Bour}
38%
Athlétisme Saut en longueur + Saut en hauteur F Hilary {Kpatcha}
38%
Athlétisme Triple saut H Jean-Marc {Pontvianne}
38%
Tennis de table Simple + Double mixte + Equipe F Jia {Nan Yuan}
38%
Athlétisme 5000 M + 10000 M H Jimmy {Gressier}
38%
Surf H Joan {Duru}
38%
Surf F Johanne {Defay}
38%
Triathlon Individuel F Léonie {Périault}
38%
Natation en eau libre 10 km H Logan {Fontaine}
38%
Judo moins de 78 kilos F Madeleine {Malonga}
38%
Athlétisme Décathlon H Makenson {Gletty}
38%
Natation en eau libre 10 km H Marc-Antoine {Olivier}
38%
Athlétisme Saut à la perche F Margot {Chevrier}
38%
Judo moins de 70 kilos F Marie-Eve {Gahié}
38%
Natation 100 M Papillon F Marie {Wattel}
38%
Cyclisme sur piste - vitesse individuelle + Kérin F Mathilde {Gros}
38%
Golf H Matthieu {Pavon}
38%
Athlétisme Relais 4x100M H Méba-Mickaël {Zézé}
38%
Athlétisme Marathon H Mehdi {Frère}
38%
Athlétisme Marathon H Morhad {Amdouni}
38%
Athlétisme 200 M + 4x100 M H Ryan {Zézé}
38%
Athlétisme 110 M Haies H Sasha {Zhoya}
38%
Judo moins de 48 kilos F Shirine {Boukli}
38%
Athlétisme Saut à la perche H Thibaut {Collet}
38%
Tir à l'arc Par équipes H Thomas {Chirault}
38%
Surf F Vahine {Fierro}
38%
Cyclisme VTT - Cross country H Victor {Koretzky}
38%
Athlétisme 400 M Haies H Wilfried {Happio}
38%
Athlétisme 110 M Haies H Wilhem {Belocian}
38%
Athlétisme 5000 M + 10000 M H Yann {Schrub}
38%
Athlétisme 800 M F Anaïs {Bourgoin}
31%
Canoë-kayak KX1 F Angèle {Hug}
31%
Skateboard Street H Aurélien {Giraud}
31%
Voile Kite surf H Axel {Mazella}
31%
Natation 100 M Dos F Béryl {Gastaldello}
31%
Tir Pistolet à 10 m air comprimé + Equipe + Pistolet à 25 m F Camille {Jedrzejewski}
31%
Natation artistique Equipe F Charlotte {Tremble}
31%
Athlétisme 800 M H Corentin {Le Clezio}
31%
Badminton Double Mixte F Delphine {Delrue}
31%
Athlétisme Saut en hauteur F Solène {Gicquel}
31%
Athlétisme Triple saut F Ilionis {Guillaume}
31%
Tir Pistolet à 25 m tir rapide H Jean {Quiquampoix}
31%
Athlétisme Relais 4x100M H Jeff {Erius}
31%
Natation artistique Equipe F Laura {Tremble}
31%
Athlétisme 400 M Haies + Relais 4x400 M + Relais 4x400M Mixte F Louise {Maraval}
31%
Judo moins de 90 kilos H Maxime-Gaël {Ngayap-Hambou}
31%
Escrime Fleuret - équipe et individuel H Maxime {Pauty}
31%
Gymnastique artistique Par équipes F Mélanie {De Jesus Dos Santos}
31%
Natation 100 M Dos H Mewen {Tomac
31%
Skateboard Park F Nana {Taboulet}
31%
Athlétisme Saut en hauteur F Nawal {Meniker}
31%
Natation en eau libre 10 km F Océane {Cassignol}
31%
Equitation Saut d'obstacle // sur Dorai d'Aiguilly - remplaçant H Olivier {Perreau}
31%
Athlétisme 20 KM Marche + Marathon en marche relais F Pauline {Stey}
31%
Escalade Combiné bloc + difficultés H Paul {Jenft}
31%
Athlétisme 110 M Haies H Raphaël {Mohamed}
31%
Cyclisme sur piste - vitesse individuelle + vitesse par équipes + Kérin H Rayan {Helal}
31%
Escalade Combiné bloc + difficultés H Sam {Avezou}
31%
Gymnastique artistique anneaux H Samir {Ait-Said}
31%
Cyclisme sur piste - vitesse individuelle + vitesse par équipes + Kérin H Sébastien {Vigier}
31%
Athlétisme Relais 4X400 M + 400 M Haies + Relais 4x400M Mixte F Shana {Grebo}
31%
Athlétisme 4 X 400 M + Relais 4x400M Mixte H Téo {Andant}
31%
Athlétisme Lancer du javelot H Teuraiterai {Tupaia}
31%
Badminton Double Mixte H Thom {Gicquel}
31%
Pentathlon moderne H Valentin {Prades}
31%
Tennis Simple F Varvara {Gracheva}
31%
Skateboard Street H Vincent {Milou}
31%
Escrime Epée - équipe et individuel H Yannick {Borel}
31%
Escrime Fleuret - équipe et individuel Ysaora {Thibus}
31%
Escalade Combiné bloc + difficultés F Zélia {Avezou}
31%
Athlétisme 10000 M F Alessia {Zarbo}
23%
Judo moins de 81 kilos H Alpha Oumar {Djalo}
23%
Tir à l'arc Par équipes F Amélie {Cordeau}
23%
Badminton Double F Anne {Tran}
23%
Tennis de table Equipe - remplaçante F Audrey {Zarif}
23%
Judo moins de 100 kilos H Aurélien {Diesse}
23%
Athlétisme Relais 4x100M H Aymeric {Priam}
23%
Canoë-kayak KX1 H Boris {Neveu}
23%
Voile 470 mixte F Camille {Lecointre}
23%
Tir Fosse olympique F Carole {Cormenier}
23%
Tir à l'arc Par équipes F Caroline {Lopez}
23%
Athlétisme 20 KM Marche + Marathon en marche relais F Clémence {Beretta}
23%
Voile 49er H Clément {Péquin}
23%
Gymnastique artistique Par équipes F Coline {Devillard}
23%
Breakdance B-Boys H Danis {Civil}
23%
Athlétisme Relais 4X400 M + Relais 4x400M Mixte H David {Sombé}
23%
Boxe moins de 75 kilos F Davina {Michel}
23%
Boxe plus de 72 kilos H Djamili {Aboudou}
23%
Tir Skeet + Equipe H Eric {Delaunay}
23%
Voile 49er H Erwan {Fischer}
23%
Tennis Double H Fabien {Reboul}
23%
Athlétisme 3000 M Steeple F Flavie {Renouard}
23%
Plongeon 10 m + 10 m synchronisé H Gary {Hunt}
23%
Athlétisme 400 M + Relais 4x400 M + Relais 4x400M Mixte H Gilles {Biron}
23%
Aviron Deux de couple poids léger H Hugo {Beurey}
23%
Aviron Deux de couple H Hugo {Boucheron}
23%
Voile Laser radial ILCA7 H Jean-Baptiste {Bernaz}
23%
Tir à l'arc Par équipes H Jean-Charles {Valladont}
23%
Voile 470 mixte H Jérémie {Mion}
23%
Tir Carabine à 50 m 3 positions F Judith {Gomez}
23%
Plongeon 3 m + 3 m synchronisé H Jules {Bouyer}
23%
Tennis de table Equipe - remplaçant H Jules {Rolland}
23%
Equitation Saut d'obstacle // sur Dubai du Cèdre H Julien {Epaillard}
23%
Cyclisme Sur route Course en ligne et contre la montre F Juliette {Labous}
23%
Equitation Concours complet // sur Triton Fontaine H Karim {Laghouag}
23%
Lutte moins de 68 kilos F Koumba {Larroque}
23%
Athlétisme 100 M Haies F Laëticia {Bapté}
23%
Trampoline F Léa {Labrousse}
23%
Voile Nacra 17 mixte F Lou {Berthomieu}
23%
Voile Laser radial ILCA6 F Louise {Cervera}
23%
Tir Skeet + Equipe F Lucie {Anastassiou}
23%
Skateboard Street F Lucie {Schoonheere}
23%
Athlétisme Relais 4x100 M F Mallory {Leconte}
23%
Lutte moins de 67 kilos H Mamadassa {Sylla}
23%
Tir Carabine à 10 m air comprimé + Equipe F Manon {Herbulot}
23%
Canoë-kayak K2 500M F Manon {Hostens}
23%
Athlétisme Saut à la perche F Marie-Julie {Bonnin}
23%
Gymnastique artistique Par équipes F Marine {Boyer}
23%
Canoë-kayak C1 Slalom F Marjorie {Delassus}
23%
Tir Pistolet rapide à 25 m F Mathilde {Lamolle}
23%
Athlétisme Marathon F Mekdes {Woldu}
23%
Tir Fosse olympique F Mélanie {Couzy}
23%
Athlétisme Marathon F Méline {Rollin}
23%
Athlétisme Marathon F Mélody {Julien}
23%
Athlétisme Relais 4X400 M + Relais 4x400M Mixte H Muhammad Abdallah {Kounta}
23%
Voile Planche à voile IQFoil H Nicolas {Goyard}
23%
Athlétisme Marathon H Nicolas {Navarro}
23%
Tir Carabine à 10 m air comprimé + Equipe F Océane {Muller}
23%
Athlétisme Relais 4x100 M F Orlann {Oliere}
23%
Athlétisme 200 M + Relais 4x100M H Pablo {Matéo}
23%
Badminton Simple F Qi {Xuefei}
23%
Tir Carabine à 50 m 3 positions + Carabine à air comprimé 10 m + Carabine à air comprimé 10 m par équipe H Romain {Aufrère}
23%
Haltérophilie moins de 89 kg H Romain {Imadouchène}
23%
Athlétisme Lancer de marteau F Rose {Loga}
23%
Voile 49er FX F Sarah {Steyaert}
23%
Tir Fosse olympique H Sébastien {Guerrero}
23%
Equitation Saut d'obstacle // sur Amelusina R 51 H Simon {Delestre}
23%
Taekwondo moins de 68 kilos H Souleyman {Alaphilippe}
23%
Athlétisme Relais 4x400M Mixte - remplaçante F Sounkamba {Sylla}
23%
Equitation Concours complet // sur Chaman Dumontceau H Stéphane {Landois}
23%
Athlétisme Triple saut H Thomas {Gogois}
23%
Voile Nacra 17 mixte H Tim {Mourniac}
23%
Cyclisme Sur route course en ligne + Poursuite par équipe F Victoire {Berteau}
23%
Skateboard Park H Vincent {Matheron}
23%
Judo moins de 66 kilos H Walide {Khyar}
23%
Athlétisme Lancer du marteau H Yann {Chaussinand}
23%
Canoë-kayak C2 500M + C1 1000M H Adrien {Bart}
15%
Escrime Epée - remplaçante F Alexandra {Louis-Marie}
15%
Plongeon 3 m synchronisé H Alexis {Jandard}
15%
Boxe moins de 57 kilos F Amina {Zidani}
15%
Natation artistique Equipe et duo F Anastasia {Bayandina}
15%
Escrime Fleuret - équipe et individuel - remplaçante F Anita {Blaze}
15%
Cyclisme BMX Racing - remplaçant H Arthur {Pilard}
15%
Athlétisme Saut à la perche H Baptiste {Thiery}
15%
Athlétisme 20 KM Marche + Marathon en marche relais F Camille {Moutard}
15%
Canoë-kayak K1 Slalom + KX1 F Camille {Prigent}
15%
Escalade Vitesse F Capucine {Viglione}
15%
Breakdance B-Girls F Carlota {Dudek}
15%
Natation en eau libre 10 km F Caroline {Jouisse}
15%
Escrime Sabre - équipe et individuel F Cécilia {Berder}
15%
Athlétisme Relais 4x100 M F Chloé {Gallet}
15%
Aviron Deux de couple poids léger F Claire {Bové}
15%
Escrime Epée - équipe et individuel F Coraline {Vitalis}
15%
Athlétisme Relais 4x400 M + Relais 4x400M Mixte - remplaçante F Diana {Iscaye}
15%
Cyclisme BMX Racing - remplaçante F Tessa {Martinez}
15%
Haltérophilie moins de59 kg F Dora {Tchakounté}
15%
Aviron Deux de couple F Elodie {Ravera-Scaramozzino}
15%
Skateboard Park F Emilie {Alexandre}
15%
Plongeon 10 m + 10 m synchronisé F Emily {Hallifax}
15%
Aviron Deux de couple F Emma {Lunatti}
15%
Canoë-kayak C1 200M F Eugénie {Dorange}
15%
Escrime Fleuret - équipe et individuel F Eva {Lacheray}
15%
Natation artistique Equipe et duo F Eve {Planeix}
15%
Aviron Deux de couple poids léger H Ferdinand {Ludwig}
15%
Tir Pistolet à 10 m air comprimé + Equipe H Florian {Fouquet}
15%
Cyclisme sur piste - vitesse individuelle + vitesse par équipes H Florian {Grengbo}
15%
Athlétisme 20 KM Marche + Marathon en marche relais H Gabriel {Bordier}
15%
Breakdance B-Boys H Gaëtan {Alin}
15%
Aviron Quatre sans barreur H Guillaume {Turlan}
15%
Plongeon 3 m H Gwendal {Bisch}
15%
Voile Planche à voile F Hélène {Noesmoen}
15%
Plongeon 10 m + 10 m synchronisé F Jade {Gillet}
15%
Pentathlon moderne H Jean-Baptiste {Mourcia}
15%
Cyclisme VTT - Cross country H Jordan {Sarrou}
15%
Skateboard Street H Joseph {Garbaccio}
15%
Escrime Fleuret - équipe et individuel H Julien {Mertine}
15%
Plongeon 3m + 3 m synchronisé F Juliette {Landi}
15%
Equitation Saut d'obstacle // sur Viking d'la Rousserie H Kevin {Staut}
15%
Athlétisme 800 M F Léna {Kandissounon}
15%
Canoë-kayak C2 500M H Loïc {Léonard}
15%
Athlétisme Relais 4x400M - remplaçant + + Relais 4x400M Mixte - remplaçant H Loïc {Prévot}
15%
Athlétisme 3000 M Steeple H Louis {Gilavert}
15%
Tir Carabine à 50 m 3 positions + Carabine à air comprimé 10 m + Carabine à air comprimé 10 m par équipe H Lucas {Kryzs}
15%
Athlétisme 400 M Haies H Ludvy {Vaillant}
15%
Escrime Epée - équipe et individuel H Luidgi {Midelton}
15%
Athlétisme 1500 M H Maël {Gouyette}
15%
Taekwondo moins de 67 kilos F Magda {Wiet-Hénin}
15%
Boxe moins de 71 kilos H Makan {Traoré}
15%
Escalade Vitesse F Manon {Lebon}
15%
Athlétisme Marathon - remplaçante F Manon {Trapp}
15%
Badminton Double F Margot {Lambert}
15%
Escrime Epée - équipe et individuel F Marie Florence {Candassamy}
15%
Haltérophilie moins de71 kg F Marie-Josèphe {Fègue}
15%
Cyclisme sur piste poursuite par équipe F Marie {Le Net}
15%
Pentathlon moderne F Marie {Oteiza}
15%
Cyclisme sur piste poursuite par équipe + Madison F Marion {Borras}
15%
Athlétisme Relais 4x100 M F Maroussia {Paré}
15%
Aviron Deux de couple H Mathieu {Androdias}
15%
Canoë-kayak K1 1000M H Maxime {Beaumont}
15%
Escrime Sabre - équipe et individuel H Maxime {Pianfetti}
15%
Escrime Fleuret - remplaçant H Maximilien {Chastanet}
15%
Cyclisme sur piste - vitesse par équipes - remplaçant H Melvin {Landerneau}
15%
Plongeon 3m + 3 m synchronisé F Naïs {Gillet}
15%
Athlétisme 3000 M Steeple H Nicolas-Marie {Daru}
15%
Equitation Concours complet // sur Diabolo menthe H Nicolas {Touzaint}
15%
Escrime Epée - remplaçant H Paul {Allègre}
15%
Escrime Fleuret - équipe et individuel F Pauline {Ranvier}
15%
Golf F Perrine {Delacour}
15%
Trampoline H Pierre {Gouzou}
15%
Athlétisme Saut à la perche H Robin {Emig}
15%
Natation artistique Equipe F Romane {Lunel}
15%
Athlétisme 5000 M F Sarah {Madeleine}
15%
Escrime Sabre - remplaçante F Sarah {Noutcha}
15%
Athlétisme Relais 4X100 M - remplaçante F Sarah {Richard-Mingas}
15%
Breakdance B-Girls F Sya {Dembélé}
15%
Cyclisme sur piste - vitesse individuelle + Kérin F Taky Marie-Divine {Kouamé}
15%
Aviron Quatre sans barreur H Thibaud {Turlan}
15%
Cyclisme Madison + Poursuite par équipe H Thomas {Boudat}
15%
Athlétisme Relais 4X400 M - remplaçant + + Relais 4x400M Mixte - remplaçant H Thomas {Jordier}
15%
Athlétisme Saut en longueur H Tom {Campagne}
15%
Athlétisme Lancer du disque H Tom {Reux}
15%
Cyclisme sur piste poursuite par équipe + Omnium F Valentine {Fortin}
15%
Cyclisme Poursuite par équipe H Valentin {Tabellion}
15%
Canoë-kayak K2 500M F Vanina {Paoletti}
15%
Boxe moins de 50 kilos F Wassila {Lkhadiri}
15%
Athlétisme 800 M - remplaçant H Yanis {Meziane}
15%
Athlétisme Relais 4x400 M + Relais 4x400M Mixte H Yann {Spillmann}
15%
Equitation Dressage // sur Holmevangs Jolene H Alexandre {Ayache}
8%
Natation artistique Equipe F Ambre {Esnault}
8%
Equitation Dressage // sur Jibraltar de Massa - remplaçante F Anne-Sophie {Serre}
8%
Gymnastique rythmique concours général des ensembles F Célia {Joseph-Noël}
8%
Equitation Dressage // sur Gotilas du Feuillard H Corentin {Pottier}
8%
Athlétisme Relais 4x100M H Dylan {Vermont}
8%
Athlétisme Relais 4X400 M + Relais 4x400M Mixte H Fabrisio {Saidy}
8%
Athlétisme Relais 4x400 M F Fanny {Peltier}
8%
Equitation Concours complet // sur Aisprit de la Loge - remplaçant H Gireg {Le Coz}
8%
Athlétisme Relais 4x100M - remplaçant H Harold {Achi-Yao}
8%
Gymnastique rythmique Individuel F Hélène {Karbanov}
8%
Natation artistique Equipe F Laelys {Alavez}
8%
Natation artistique Equipe F Laura {Gonzalez}
8%
Plongeon 10 m + 10 m synchronisé H Loïs {Szymczak}
8%
Athlétisme Lancer du disque H Lolasson {Djouhan}
8%
Judo moins de 60 kilos H Luka {Mhkeidze}
8%
Natation artistique Equipe - remplaçante F Manon {Disbeaux}
8%
Athlétisme Relais 4x100 M - remplaçante F Marie-Ange {Rimlinger}
8%
Gymnastique artistique Par équipes F Ming {Gherardi Van Eijken}
8%
Gymnastique artistique Par équipes F Morgane {Osyssek}
8%
Cyclisme Poursuite par équipe - remplaçant H Oscar {Nilsson-Julien}
8%
Equitation Dressage // sur Sertorius de Rima Z F Pauline {Basquin}
8%
Aviron Quatre sans barreur H Téo {Rayet}
8%
Cyclisme Poursuite par équipe H Thomas {Denis}
8%
Aviron Quatre sans barreur - remplaçant H Valentin {Onfroy}
8%
Gymnastique rythmique concours général des ensembles F Aïnotha {Dot Espinosa}
0%
Athlétisme Relais 4x400 M F Camille {Séri}
0%
Tir Pistolet à 25 m tir rapide H Clément {Bassaguet}
0%
Gymnastique rythmique concours général des ensembles F Justine {Lavit}
0%
Aviron Deux de couple poids léger F Laura {Tatantola}
0%
Gymnastique rythmique concours général des ensembles F Lozéa{Vilarino}
0%
Gymnastique rythmique concours général des ensembles F Manelle {Idaho}
0%
Aucun quiz correspondant
Distribution des résultats
% des personnes avec chaque résultat
Percentile par nombre de réponses
Votre historique - résultats
Vous n’avez pas pris ce quiz depuis la dernière actualisation